| 000 | 00782nas a2200229 4500 | ||
|---|---|---|---|
| 001 | BR8301702 | ||
| 003 | BR-BrBNA | ||
| 005 | 20231205085518.0 | ||
| 007 | ta | ||
| 008 | 230509b bl.|||p| |||| 00| 00por d | ||
| 040 |
_aBR-BrBNA _bpor _cBiblioteca Nacional de Agricultura |
||
| 041 | _a(Pt) | ||
| 072 | _aF30 | ||
| 100 | 1 | _aPompeu, A.S. | |
| 245 | 1 | _aCatu, Aete-3, Aroana 80, Moruna 80, Carioca 80 e Ayso: novos cultivares de feijoeiro [Phaseolus vulgaris] | |
| 246 | 1 | _aCatu, Aete-3, Aroana 80, Moruna 80, Carioca 80 and Ayso: new dry bean cultivars [Phaseolus vulgaris] | |
| 650 | _aFEIJAO | ||
| 650 | _aVARIEDADE | ||
| 773 | 0 |
_tBragantia (Brazil) _xISSN 0006-8705 _g(1982), v. 41 p. 213-218 _wBR8301702 |
|
| 909 |
_a202311 _bLúcia _c55 _dLúcia Elande |
||
| 942 |
_2AGRIS _n0 _cANA |
||
| 999 |
_c111890 _d111890 |
||